00527nam a2200181Ia 450000500170000000800410001702000100005804000190006804100120008708200160009910000210011524500740013626000380021030000140024850400460026265000270030885000100033520221117124334.0131103s9999 xx 000 0 und d cRs.40 aLoreto College aEnglish a954.03bHUT aHutchins,Francis aSpontaneous revolutionb the Quit India Movement cFrancis G.Hutchins aDelhibManohar Book Servicec1971 ax,376 p.  aIncludes index,bibliographical references aIndia - Modern History aLCLIB